[Event "Krasnoyarsk-ch"]
[Site "Krasnoyarsk"]
[Date "2012.02.05"]
[Round "5"]
[White "Sosnin, Mikhail"]
[Black "Borisenko, Sergey"]
[Result "1-0"]
[WhiteElo "2030"]
[BlackElo "2146"]
[PlyCount "53"]
[EventDate "2012.02.01"]
[EventType "tourn"]
[EventRounds "9"]
[EventCountry "RUS"]
[SourceTitle "EXT 2013"]
[Source "ChessBase"]
[SourceDate "2012.11.22"]
[SourceVersion "1"]
[SourceVersionDate "2012.11.22"]
[SourceQuality "1"]

1. e4 e5 2. Nf3 Nf6 3. Nxe5 d6 4. Nf3 Nxe4 5. d3 Nf6 6. d4 d5 7. Bd3 Be7 8. 0-0 Bg4 9. Re1 0-0 10. Be3 Ne4 11. h3 Bh5 12. Nbd2 f5 13. g4 fxg4 14. Ne5 Nxf2 15. Bxf2 Rxf2 16. hxg4 Bh4 17. gxh5 Nc6 18. Ndf3 Nxe5 19. Rxe5 Qf6 20. Rf5 Qd6 21. Ne5 Rf8 22. Qg4 R2xf5 23. Bxf5 Bf6 24. Rf1 Bxe5 25. dxe5 Qc5+ 26. Kg2 d4 27. Qe4 1-0